Justin against Marcion : (Record no. 10580)

MARC details
000 -LEADER
fixed length control field 02970cam a2200361Mi 4500
001 - CONTROL NUMBER
control field 966567365
003 - CONTROL NUMBER IDENTIFIER
control field OCoLC
005 - DATE AND TIME OF LATEST TRANSACTION
control field 20250123132832.0
007 - PHYSICAL DESCRIPTION FIXED FIELD--GENERAL INFORMATION
fixed length control field ta
008 - FIXED-LENGTH DATA ELEMENTS--GENERAL INFORMATION
fixed length control field 161222s2017 mnu b 001 0 eng d
020 ## - INTERNATIONAL STANDARD BOOK NUMBER
International Standard Book Number 9781506423449
Qualifying information (hardcover ;
-- alkaline paper)
020 ## - INTERNATIONAL STANDARD BOOK NUMBER
International Standard Book Number 1506423442
Qualifying information (hardcover ;
-- alkaline paper)
035 ## - SYSTEM CONTROL NUMBER
System control number (OCoLC)966567365
Canceled/invalid control number (OCoLC)966609474
040 ## - CATALOGING SOURCE
Original cataloging agency YDX
Language of cataloging eng
Description conventions rda
Transcribing agency YDX
Modifying agency GGB
-- LNT
-- OCLCF
-- U3G
-- OCLCQ
-- OCLCO
082 04 - DEWEY DECIMAL CLASSIFICATION NUMBER
Classification number 230.01
-- 189.2
Edition information 23
Item number HAY 1
100 1# - MAIN ENTRY--PERSONAL NAME
Personal name Hayes, Andrew David Robin,
Relator term author
245 10 - TITLE STATEMENT
Title Justin against Marcion :
Remainder of title defining the Christian philosophy /
Statement of responsibility, etc. Andrew Hayes
264 #1 - PRODUCTION, PUBLICATION, DISTRIBUTION, MANUFACTURE, AND COPYRIGHT NOTICE
Place of production, publication, distribution, manufacture Minneapolis :
Name of producer, publisher, distributor, manufacturer Fortress Press,
Date of production, publication, distribution, manufacture, or copyright notice [2017]
300 ## - PHYSICAL DESCRIPTION
Extent xxxiv, 236 pages ;
Dimensions 24 cm
336 ## - CONTENT TYPE
Content type term text
Content type code txt
Source rdacontent
337 ## - MEDIA TYPE
Media type term unmediated
Media type code n
Source rdamedia
338 ## - CARRIER TYPE
Carrier type term volume
Carrier type code nc
Source rdacarrier
490 1# - SERIES STATEMENT
Series statement Emerging scholars
500 ## - GENERAL NOTE
General note Revision of the author's thesis (Ph. D.)--King's College London, 2015 under title: Defining Christianity : Justin's contra-Marcionite defence
504 ## - BIBLIOGRAPHY, ETC. NOTE
Bibliography, etc. note Includes bibliographical references (pages 221-231) and indexes
505 00 - FORMATTED CONTENTS NOTE
Miscellaneous information 1.
Title Who Are the "Christians"? --
-- Persecution --
-- Greco-Roman Perspectives --
-- Teacher and Pupils --
Miscellaneous information 2.
Title Reading between the Lines: The Conspicuousness of Marcion in the Dialogue --
-- The Dialogue: Introduction and Commentary --
-- Repetition of Themes in the Dialogue --
-- Philosophies and "Christians" --
-- Conclusion --
Miscellaneous information 3.
Title Case by Case --
-- Introduction --
-- Politics --
-- Who Are the Atheists? --
-- Evidence of True Worship --
-- Different Teacher, Different Confession --
-- Conclusion
520 ## - SUMMARY, ETC.
Summary, etc. In a period where Christianity was only beginning to form a definitive identity, Marcion played a remarkable and generative role. Andrew Hayes takes the measure of his impact on second-century Christianity through a close examination of the topics and structure of Justin Martyr's writings, especially the Dialogue with Trypho, demonstrating that Justin repeatedly described Christianity in a contra-Marcionite fashion. Arguing that the early part of the Dialogue is in fact a contra- Marcionite prelude to all the major themes in the rest of the piece, Hayes claims that the chief task Justin took for himself was to seize back from Marcion the terms of Christian self-definition. Marcion is thus far more important for Justin's work than the few places where he is explicitly named might suggest, and Hayes shows that these texts are far from anomalous: they reveal Justin's deeper agenda of presenting Marcion as a demonic instrument. Students of the second century, of Marcion and of Justin alike, will find much to reevaluate in these pages
600 00 - SUBJECT ADDED ENTRY--PERSONAL NAME
Personal name Justin,
Titles and other words associated with a name Martyr, Saint
600 00 - SUBJECT ADDED ENTRY--PERSONAL NAME
Personal name Marcion,
Titles and other words associated with a name of Sinope,
Dates associated with a name active 2nd century
650 #0 - SUBJECT ADDED ENTRY--TOPICAL TERM
Topical term or geographic name entry element Christian philosophy
776 08 - ADDITIONAL PHYSICAL FORM ENTRY
Relationship information Electronic version:
Main entry heading Hayes, Andrew.
Title Justin against Marcion.
Place, publisher, and date of publication Minneapolis : Fortress Press, [2017]
International Standard Book Number 9781506420400
Record control number (OCoLC)982492764
942 ## - ADDED ENTRY ELEMENTS (KOHA)
Source of classification or shelving scheme Dewey Decimal Classification
Koha item type Books
Suppress in OPAC No
Holdings
Withdrawn status Lost status Source of classification or shelving scheme Damaged status Not for loan Home library Current Library Shelving location Date acquired Source of acquisition Total checkouts Full call number Barcode Date last seen Date last checked out Copy number Price effective from Koha item type
    Dewey Decimal Classification     GRACE BIBLE COLLEGE GRACE BIBLE COLLEGE Theology 2025-01-23 TBN 1 230.01 HAY 020923 2026-02-12 2026-02-11 c.1 2025-01-23 Books
© Grace Bible College Library 2025